Science Quiz

Random Science Quiz

Give The Binary Ionic Formula - 1 Quiz Stats

Quiz not verified by Sporcle

Also try: Sea Life A-Z
Challenge
Share
Tweet
Embed
Score 0/10 Timer 10:00
0 Plays Today
Hint Answer % Correct
Iron (III) ChlorideFeCl3
99.3%
Calcium IodideCaI2
99.3%
Copper (I) FluorideCuF
99.3%
Zinc OxideZnO
98.6%
Cobalt (I) ChlorideCoCl
98.6%
Lithium NitrideLi3N
97.9%
Sodium SulfideNa2S
97.9%
Calcium ChlorideCaCl2
97.9%
Potassium PhosphideK3P
97.2%
Nickel (II) BromideNiBr2
97.2%

You're not logged in!

Compare scores with friends on all Sporcle quizzes.
Join for Free
OR
Log In

You Might Also Like...

Show Comments

Extras

Created Jan 30, 2014ReportNominate
Tags:binary, formula, ionic

Top Quizzes Today


Score Distribution

Your Account Isn't Verified!

In order to create a playlist on Sporcle, you need to verify the email address you used during registration. Go to your Sporcle Settings to finish the process.

Report this User

Report this user for behavior that violates our Community Guidelines.

Details: